Kulturkritik und konservative Revolution: zum kulturell-politischen Denken Hofmannsthals und seinem problemgeschichtlichen Kontext
Spremljeno u:
| Glavni autor: | |
|---|---|
| Format: | Knjiga |
| Jezik: | njemački |
| Izdano: |
Tubinga
Max Neimeyer
1971
|
| Teme: | |
| Oznake: |
Dodaj oznaku
Bez oznaka, Budi prvi tko označuje ovaj zapis!
|
MARC
| LEADER | 00000nam a2200000 a 4500 | ||
|---|---|---|---|
| 001 | UCN9924 | ||
| 003 | CL-VaPUC | ||
| 008 | 011221e19710000GW |||||||||||||||||ger|d | ||
| 082 | 0 | 4 | |a 320.01 |b RUD |2 21 |
| 100 | 0 | |a Rudolph, Hermann |e author |9 466422 | |
| 245 | 1 | 0 | |a Kulturkritik und konservative Revolution: zum kulturell-politischen Denken Hofmannsthals und seinem problemgeschichtlichen Kontext |
| 300 | |a 297 p | ||
| 942 | |c BK | ||
| 945 | |d 20011221 00:00:00 |a crobeson | ||
| 260 | |a Tubinga |b Max Neimeyer |c 1971 | ||
| 650 | 7 | |a FILOSOFIA POLITICA |2 CL-VaPUC |9 466423 | |
| 650 | 0 | |a Cultura y sociedad |9 367502 | |
| 650 | 7 | |a TEORIA POLITICA |2 CL-VaPUC |9 466424 | |
| 583 | |a last modification |c 20160913 04:25:15 |k Rodrigo Vera | ||
| 999 | |c 299020 |d 299018 | ||
| 952 | |0 0 |1 0 |4 0 |6 320_010000000000000_RUD_1971 |7 0 |8 A |9 355141 |a BIBHIS |b BIBHIS |d 2019-11-21 |i 3759660 |o 320.01 RUD 1971 |p 3759660 |r 2025-01-20 |w 2019-11-21 |y BK |k HIS | ||